000
00233nam a2200097Ia 4500
005
20251222114354.0
008
251222s1900||||xx |||||||||||||| ||spa||
082
_a
DVD0125/A36/2003
245
0
_a
Gregorian: Masters of Chant:
942
_c
DVD
999
_c
1367
_d
1367